Normal view
MARC view
- Shaw, Malcolm N.
Entry Personal Name
001 - CONTROL NUMBER
- control field: 121982
003 - CONTROL NUMBER IDENTIFIER
- control field: DLC
005 - DATE AND TIME OF LATEST TRANSACTION
- control field: 20241107084055.0
008 - FIXED-LENGTH DATA ELEMENTS
- fixed length control field: 840217n| azannaabn |a aaa
010 ## - LIBRARY OF CONGRESS CONTROL NUMBER
- LC control number: n 83121628
035 ## - SYSTEM CONTROL NUMBER
- System control number: (OCoLC)oca00957656
040 ## - CATALOGING SOURCE
- Original cataloging agency: DLC
- Language of cataloging: eng
- Description conventions: rda
- Transcribing agency: DLC
- Modifying agency: DGW-L
- Modifying agency: DLC
046 ## - SPECIAL CODED DATES
- Birth date: 1947
100 1# - HEADING--PERSONAL NAME
- Personal name: Shaw, Malcolm N.
- Fuller form of name: (Malcolm Nathan),
- Dates associated with a name: 1947-
370 ## - ASSOCIATED PLACE
- Associated country: England
372 ## - FIELD OF ACTIVITY
- Field of activity: International law
- Source of term: lcsh
373 ## - ASSOCIATED GROUP
- Associated group: University of Leicester. Faculty of Law
- Source of term: naf
373 ## - ASSOCIATED GROUP
- Associated group: Lauterpacht Research Centre for International Law
- Source of term: naf
374 ## - OCCUPATION
- Occupation: Law teachers
- Occupation: Lawyers
- Source of term: lcsh
375 ## - GENDER
- Gender: male
377 ## - ASSOCIATED LANGUAGE
- Language code: eng
378 ## - FULLER FORM OF PERSONAL NAME
- Fuller form of personal name: Malcolm Nathan
400 1# - SEE FROM TRACING--PERSONAL NAME
- Personal name: Shaw, M. N.
- Fuller form of name: (Malcolm Nathan),
- Dates associated with a name: 1947-
670 ## - SOURCE DATA FOUND
- Source citation: His International law, 1977:
- Information found: t.p. (Malcolm N. Shaw)
670 ## - SOURCE DATA FOUND
- Source citation: Ltr. from P. Luther, Univ. of Essex Library, to OCLC
- Information found: (Malcolm Nathan Shaw, 1947- ; lecturer, Univ. of Essex)
670 ## - SOURCE DATA FOUND
- Source citation: Commonwlth. univ. yrbk, 1983
- Information found: (Shaw, M. N., LLB Liv, LLM Jerusalem, Ph. D. Keele)
670 ## - SOURCE DATA FOUND
- Source citation: University of Leicester School of Law web site, June 17, 2013:
- Information found: people (Malcolm Shaw is now part-time research professor in international law following his retirement from the Sir Robert Jennings Chair of International Law on 28 February 2011; a senior fellow at the Lauterpacht Centre for International Law, University of Cambridge and a trustee of the British Institute of International and Comparative Law; he is also a practising barrister, specialising in public international law issues)
670 ## - SOURCE DATA FOUND
- Source citation: His International law, 2017:
- Information found: ECIP t.p. (Malcolm N. Shaw QC, Essex Court Chambers)



